[Event "Mercredi 2016.01.05 ABCD"]
[Site "Montreal CAN"]
[Date "2016.01.13"]
[Round "2"]
[White "Nunez, Omar"]
[Black "Beaulieu, Pierre"]
[Result "1-0"]
[WhiteElo "1924"]
[BlackElo "1872"]
[PlyCount "83"]
[EventDate "2016.01.06"]
[EventType "tourn"]
[EventRounds "5"]
[EventCountry "CAN"]

1. e4 e6 2. d3 b6 3. f4 Bb7 4. g3 Be7 5. Bg2 d5 6. Nc3 Nf6 7. e5 Nfd7 8. Nf3 c5
9. Qe2 g6 10. Nd1 Nc6 11. c3 Qc7 12. Nf2 h5 13. h3 O-O-O 14. d4 Kb8 15. Be3 Qc8
16. Bf1 Ka8 17. Rc1 Na5 18. b3 Qb8 19. Bg2 Rc8 20. Ng5 cxd4 21. Bxd4 Rhf8 22.
O-O Nc6 23. h4 Nc5 24. b4 Nd7 25. a3 Qc7 26. Nf3 Ncb8 27. Rfe1 a6 28. Qe3 Bd8
29. Nd2 Nc6 30. Nb3 b5 31. Nd3 Qb8 32. Ndc5 Nb6 33. Nxb7 Nc4 34. Qf2 Nxd4 35.
cxd4 Qxb7 36. Nc5 Qa7 37. a4 Kb8 38. axb5 axb5 39. Ra1 Qe7 40. Qa2 Bb6 41. Qa6
Rc7 42. Qa8# 1-0

[Event "Mercredi 2016.01.05 ABCD"]
[Site "Montreal CAN"]
[Date "2016.01.20"]
[Round "3"]
[White "Baran, Marius"]
[Black "Millette, Sylvain"]
[Result "1/2-1/2"]
[WhiteElo "1786"]
[BlackElo "1770"]
[PlyCount "169"]
[EventDate "2016.01.06"]
[EventType "tourn"]
[EventRounds "5"]
[EventCountry "CAN"]

1. e4 Nf6 2. e5 Nd5 3. d4 d6 4. Bc4 e6 5. Nf3 Nb6 6. Bd3 d5 7. O-O c5 8. c3 Nc6
9. Bg5 Be7 10. Bxe7 Qxe7 11. Qe2 Bd7 12. Bc2 cxd4 13. cxd4 Qb4 14. Nc3 Nxd4 15.
Nxd4 Qxd4 16. Nb5 Bxb5 17. Qxb5+ Ke7 18. Qe2 Nc4 19. Rfe1 Nxb2 20. Rab1 b6 21.
Bb3 Nc4 22. Rbd1 Qc5 23. Qg4 Rag8 24. Qg5+ f6 25. exf6+ gxf6 26. Qxd5 Qxd5 27.
Rxd5 Ne5 28. Rdxe5 fxe5 29. Rxe5 Rg6 30. g3 Rc8 31. f4 Rc5 32. Re2 Kf6 33.
Rxe6+ Kf5 34. Re2 Rgc6 35. Kg2 b5 36. h3 a5 37. Re8 a4 38. Bg8 Rc2+ 39. Kf3
R6c3+ 40. Re3 Kg6 41. f5+ Kg7 42. Be6 b4 43. g4 b3 44. axb3 axb3 45. g5 b2 46.
f6+ Kf8 47. Ba2 Rxe3+ 48. Kxe3 Rc3+ 49. Kd2 Rxh3 50. Bb1 Rg3 51. Bxh7 Rxg5 52.
Kc2 Rg2+ 53. Kb1 Kf7 54. Bc2 Kxf6 55. Kxb2 Rg3 56. Bb3 Ke5 57. Bf7 Kd4 58. Be6
Rc3 59. Bf7 Kd3 60. Bg6+ Kd2 61. Bf5 Rc5 62. Bg6 Rb5+ 63. Ka2 Kc3 64. Bf7 Rg5
65. Be6 Rb5 66. Bf7 Rb6 67. Bd5 Rb2+ 68. Ka1 Rb5 69. Bf7 Rb6 70. Bg8 Rb8 71.
Bf7 Rf8 72. Be6 Kc2 73. Bd5 Rf1+ 74. Ka2 Rf4 75. Bb3+ Kc3 76. Be6 Ra4+ 77. Kb1
Rb4+ 78. Ka2 Rf4 79. Bg8 Rf2+ 80. Ka1 Rg2 81. Bf7 Kc2 82. Be6 Rg5 83. Bc4 Ra5+
84. Ba2 Re5 85. Bb1+ 1/2-1/2

[Event "Mercredi 2016.01.05 ABCD"]
[Site "Montreal CAN"]
[Date "2016.01.20"]
[Round "3"]
[White "Barko, Maxim"]
[Black "Nunez, Omar"]
[Result "0-1"]
[WhiteElo "1816"]
[BlackElo "1924"]
[PlyCount "86"]
[EventDate "2016.01.06"]
[EventType "tourn"]
[EventRounds "5"]
[EventCountry "CAN"]

1. d4 Nf6 2. c4 c5 3. d5 g6 4. Nc3 d6 5. e4 Bg7 6. Nf3 Na6 7. Bd3 Nc7 8. O-O
O-O 9. h3 a6 10. a4 b6 11. Bg5 Bb7 12. e5 dxe5 13. Nxe5 Nfxd5 14. cxd5 Bxe5 15.
Qe2 Bxc3 16. bxc3 Qxd5 17. f4 Rfe8 18. f5 b5 19. Rf4 Rad8 20. Rd1 c4 21. Bc2
Qc5+ 22. Kh2 Rxd1 23. Qxd1 f6 24. Bh6 g5 25. Rd4 Qe5+ 26. Kh1 Qg3 27. Qd2 Qxh3+
28. Kg1 Qxh6 29. Rd7 Qf8 30. Rxc7 Ba8 31. Ra7 Rd8 32. Qe2 Bd5 33. Rxe7 Bf7 34.
axb5 axb5 35. Qe4 Re8 36. Rxe8 Qxe8 37. Qf3 Qe5 38. Be4 h5 39. Ba8 Kg7 40. Bc6
g4 41. Qf2 Qxc3 42. Bxb5 Qa1+ 43. Kh2 Qe5+ 0-1

[Event "Mercredi 2016.01.05 ABCD"]
[Site "Montreal CAN"]
[Date "2016.01.20"]
[Round "3"]
[White "Beaulieu, Pierre"]
[Black "Langlois-Remillard, Alexis"]
[Result "0-1"]
[WhiteElo "1872"]
[BlackElo "1800"]
[PlyCount "72"]
[EventDate "2016.01.06"]
[EventType "tourn"]
[EventRounds "5"]
[EventCountry "CAN"]

1. b3 e5 2. Bb2 Nc6 3. e3 Nf6 4. Bb5 Bd6 5. Na3 a6 6. Bxc6 dxc6 7. Nc4 Qe7 8.
Ne2 O-O 9. Ng3 b5 10. Nxd6 cxd6 11. O-O Nd5 12. c4 bxc4 13. bxc4 Nb4 14. d3 Rb8
15. Bc3 c5 16. Qd2 Be6 17. f4 f6 18. Rac1 exf4 19. Rxf4 d5 20. a3 Nc6 21. cxd5
Bxd5 22. Nf5 Qd7 23. Rcf1 Ne5 24. d4 Ng6 25. Rg4 Bc4 26. dxc5 Qxd2 27. Bxd2
Bxf1 28. Kxf1 Rb2 29. a4 Rxd2 30. Rc4 Rb8 31. Rc1 Ne5 32. Nd4 Rbb2 33. c6 Rxg2
34. c7 Rbf2+ 35. Ke1 Nd3+ 36. Kd1 Rf1# 0-1

[Event "Mercredi 2016.01.05 ABCD"]
[Site "Montreal CAN"]
[Date "2016.01.20"]
[Round "3"]
[White "Cloutier, Mathieu"]
[Black "Boudreau, Daniel"]
[Result "1/2-1/2"]
[WhiteElo "2093"]
[BlackElo "2135"]
[PlyCount "59"]
[EventDate "2016.01.06"]
[EventType "tourn"]
[EventRounds "5"]
[EventCountry "CAN"]

1. e4 c5 2. Nf3 Nc6 3. d4 cxd4 4. Nxd4 e5 5. Nb5 d6 6. N1c3 a6 7. Na3 Be7 8.
Be3 Nf6 9. Nc4 b5 10. Nb6 Rb8 11. Nxc8 Qxc8 12. Be2 O-O 13. O-O b4 14. Nd5 Nxe4
15. f3 Nf6 16. Nxf6+ Bxf6 17. Qxd6 Rd8 18. Qc5 Nd4 19. Bxd4 Rxd4 20. Qxc8+ Rxc8
21. Bd3 Kf8 22. Rfe1 a5 23. Re2 g6 24. Rae1 Bg7 25. Re4 Rxe4 26. Rxe4 f5 27.
Rh4 h6 28. Kf2 Ke7 29. Rc4 Rxc4 30. Bxc4 1/2-1/2

[Event "Mercredi 2016.01.05 ABCD"]
[Site "Montreal CAN"]
[Date "2016.01.20"]
[Round "3"]
[White "Gates, Claude-Eric"]
[Black "Nardone, Raul"]
[Result "0-1"]
[WhiteElo "1813"]
[BlackElo "1806"]
[PlyCount "110"]
[EventDate "2016.01.06"]
[EventType "tourn"]
[EventRounds "5"]
[EventCountry "CAN"]

1. e4 c5 2. c3 Nf6 3. e5 Nd5 4. d4 cxd4 5. Nf3 e6 6. cxd4 Nc6 7. Nc3 Nxc3 8.
bxc3 d5 9. Bd3 Bd7 10. O-O Rc8 11. Ng5 Be7 12. Qg4 h5 13. Qg3 Bxg5 14. Bxg5 Qa5
15. Bd2 g6 16. Rfd1 Qa3 17. Rdb1 b6 18. Rb3 Qf8 19. Bc1 h4 20. Qf3 Rh5 21. Ba3
Qg7 22. Bd6 Rh8 23. Ba6 Na5 24. Bxc8 Bxc8 25. Rbb1 Nc4 26. Qe2 Qh6 27. Rd1 Qf4
28. Rd3 Ba6 29. Rf3 Qg4 30. Qd1 Bb5 31. h3 Qe4 32. Qb3 a6 33. Qd1 g5 34. a4 Bd7
35. Rb1 f5 36. exf6 Nxd6 37. Rxb6 Nc8 38. f7+ Kf8 39. Rxa6 g4 40. Re3 Qg6 41.
hxg4 Kxf7 42. Ra8 Re8 43. Rh3 e5 44. Qf3+ Kg7 45. Qxd5 Bc6 46. Qa5 Qe4 47. Ra7+
Kg8 48. Rf3 Nxa7 49. Qxa7 Qe1+ 50. Kh2 Bxf3 51. Qd7 exd4 52. Qxd4 Ba8 53. Qc4+
Qe6 54. Qd3 Qe4 55. Qh3 Qf4+ 0-1

[Event "Mercredi 2016.01.05 ABCD"]
[Site "Montreal CAN"]
[Date "2016.01.20"]
[Round "3"]
[White "Gauthier, Luc"]
[Black "Zumsteg, Nicolas"]
[Result "0-1"]
[WhiteElo "1769"]
[BlackElo "1776"]
[PlyCount "94"]
[EventDate "2016.01.06"]
[EventType "tourn"]
[EventRounds "5"]
[EventCountry "CAN"]

1. e4 c5 2. Nc3 g6 3. g3 Bg7 4. Bg2 Nc6 5. d3 d6 6. f4 Nf6 7. Nf3 Bg4 8. h3 Bd7
9. O-O O-O 10. Be3 a6 11. Qd2 Ne8 12. Nd1 b5 13. c3 b4 14. g4 Rb8 15. Nf2 Nc7
16. f5 bxc3 17. bxc3 Nb5 18. d4 cxd4 19. cxd4 Qa5 20. Qxa5 Nxa5 21. Rac1 Rfc8
22. fxg6 hxg6 23. e5 Bc6 24. Nd3 Be4 25. Nfe1 Rxc1 26. Nxc1 Bxg2 27. Kxg2 dxe5
28. dxe5 Bxe5 29. Ncd3 Bd6 30. Nf3 Nc4 31. Bc1 Nc3 32. Rf2 Nd5 33. Ng5 f6 34.
Ne4 Ba3 35. Bxa3 Nxa3 36. Ndc5 a5 37. g5 f5 38. Nd7 Rb7 39. Nec5 Rc7 40. Rd2
Nb6 41. Nxb6 Rxc5 42. Nd5 Kf7 43. Ne3 Nc4 44. Nxc4 Rxc4 45. Re2 Rc3 46. h4 a4
47. Kf2 Rh3 0-1

[Event "Mercredi 2016.01.05 ABCD"]
[Site "Montreal CAN"]
[Date "2016.01.20"]
[Round "3"]
[White "Have, Didier"]
[Black "Lalonde, Paul"]
[Result "1-0"]
[WhiteElo "2050"]
[BlackElo "1966"]
[PlyCount "29"]
[EventDate "2016.01.06"]
[EventType "tourn"]
[EventRounds "5"]
[EventCountry "CAN"]

1. e4 c5 2. Nc3 Nc6 3. Bb5 Nf6 4. d3 g6 5. f4 d6 6. Nf3 Bg7 7. O-O O-O 8. Bxc6
bxc6 9. f5 d5 10. Qe1 Qc7 11. Qh4 gxf5 12. Bh6 Bxh6 13. Qxh6 Kh8 14. Qxf8+ Ng8
15. Ng5 1-0

[Event "Mercredi 2016.01.05 ABCD"]
[Site "Montreal CAN"]
[Date "2016.01.20"]
[Round "3"]
[White "Lopez Linares, Lizandro"]
[Black "Lepine, Cedric"]
[Result "1/2-1/2"]
[WhiteElo "2226"]
[BlackElo "2078"]
[PlyCount "56"]
[EventDate "2016.01.06"]
[EventType "tourn"]
[EventRounds "5"]
[EventCountry "CAN"]

1. d4 Nf6 2. Nf3 g6 3. Bf4 Bg7 4. e3 O-O 5. h3 d6 6. Be2 c5 7. c3 Qb6 8. Qb3
Qxb3 9. axb3 Nc6 10. Nbd2 Rd8 11. O-O e5 12. Bg5 h6 13. Bxf6 Bxf6 14. Ne4 Be7
15. d5 Nb8 16. b4 f5 17. Ned2 e4 18. Ne1 b6 19. Nc2 Bb7 20. c4 Nd7 21. bxc5
dxc5 22. f4 a5 23. Na3 Ba6 24. Ndb1 Nf6 25. Nc3 Ne8 26. Nab5 Rd7 27. g4 Bf6 28.
Ra2 Nd6 1/2-1/2

[Event "Mercredi 2016.01.05 ABCD"]
[Site "Montreal CAN"]
[Date "2016.01.20"]
[Round "3"]
[White "Ouellet, Maili-Jade"]
[Black "Lebeau, Gilbert"]
[Result "0-1"]
[WhiteElo "2039"]
[BlackElo "2055"]
[PlyCount "74"]
[EventDate "2016.01.06"]
[EventType "tourn"]
[EventRounds "5"]
[EventCountry "CAN"]

1. d4 d5 2. c4 c6 3. Nf3 Nf6 4. Nc3 dxc4 5. a4 Bf5 6. e3 e6 7. Bxc4 Bb4 8. O-O
O-O 9. Qe2 Bg6 10. Ne5 Nbd7 11. Nxg6 hxg6 12. Bb3 e5 13. Rd1 Qc7 14. dxe5 Nxe5
15. f4 Neg4 16. h3 Nh6 17. g4 Bxc3 18. bxc3 Ne4 19. Rd4 Nc5 20. Bc4 Rfe8 21.
Ba3 Ne6 22. Bxe6 Rxe6 23. Qd3 c5 24. Rd5 b6 25. Rf1 Rae8 26. Rf3 Qc6 27. c4 Re4
28. Bb2 Qxa4 29. Qc3 f6 30. g5 Rxc4 31. Qd3 Nf5 32. gxf6 Qc2 33. Rd7 Kh7 34.
Qd5 Qb1+ 35. Qd1 Qxb2 36. f7 Rf8 37. Rf2 Qc1 0-1

[Event "Mercredi 2016.01.05 ABCD"]
[Site "Montreal CAN"]
[Date "2016.01.20"]
[Round "3"]
[White "Pomerantz, Daniel"]
[Black "Jacquet, Stephane"]
[Result "1/2-1/2"]
[WhiteElo "2024"]
[BlackElo "1972"]
[PlyCount "80"]
[EventDate "2016.01.06"]
[EventType "tourn"]
[EventRounds "5"]
[EventCountry "CAN"]

1. e4 d6 2. d4 Nf6 3. Nc3 g6 4. Nf3 Bg7 5. Be2 O-O 6. O-O c6 7. a4 a5 8. Be3
Qc7 9. Qd2 e5 10. dxe5 dxe5 11. Rfd1 Nbd7 12. Qd6 Qxd6 13. Rxd6 Re8 14. Rad1
Bf8 15. R6d2 Bb4 16. Bc4 Nc5 17. Bxc5 Bxc5 18. Rd8 Bg4 19. Rxa8 Rxa8 20. Rd3
Bxf3 21. Rxf3 Kg7 22. h3 Rd8 23. Rd3 Rd4 24. Bb3 h5 25. Kf1 h4 26. Ke2 Nh5 27.
Rxd4 Nf4+ 28. Kf3 Bxd4 29. Nd1 Kf6 30. Bc4 g5 31. c3 Bc5 32. Ne3 Bxe3 33. fxe3
Ne6 34. Bxe6 Kxe6 35. Kg4 f6 36. Kh5 Kf7 37. Kh6 c5 38. c4 Kf8 39. Kg6 Ke7 40.
Kg7 Ke6 1/2-1/2

[Event "Mercredi 2016.01.05 ABCD"]
[Site "Montreal CAN"]
[Date "2016.01.27"]
[Round "4"]
[White "Beaulieu, Pierre"]
[Black "Barko, Maxim"]
[Result "0-1"]
[WhiteElo "1872"]
[BlackElo "1816"]
[PlyCount "77"]
[EventDate "2016.01.06"]
[EventType "tourn"]
[EventRounds "5"]
[EventCountry "CAN"]

1. b3 e5 2. Bb2 d6 3. e3 Nf6 4. g3 g6 5. Bg2 Bg4 6. Ne2 c6 7. a4 Bg7 8. Na3 O-O
9. O-O Re8 10. f3 Be6 11. c4 Nbd7 12. b4 a5 13. b5 Qb6 14. f4 d5 15. fxe5 Ng4
16. Nf4 Ngxe5 17. cxd5 cxd5 18. Nxd5 Qd6 19. Nc3 Nd3 20. Ne4 Qb4 21. Bxg7 Kxg7
22. Qc2 N7e5 23. Rfb1 Qe7 24. Nc3 Rac8 25. Qd1 h5 26. Qf1 Red8 27. b6 Ng4 28.
Nc2 Bc4 29. Nd4 Ndf2 30. Qc1 Bd3 31. Rb2 h4 32. Qe1 Qd6 33. Nce2 Qe7 34. h3
hxg3 35. Nxg3 Be4 36. Nxe4 Nxh3+ 37. Bxh3 Qxe4 38. Qg3 Rxd4 39. Bxg4 {time} 0-1

[Event "Mercredi 2016.01.05 ABCD"]
[Site "Montreal CAN"]
[Date "2016.01.27"]
[Round "4"]
[White "Gauthier, Luc"]
[Black "Dumouchel, Alain"]
[Result "0-1"]
[WhiteElo "1769"]
[BlackElo "1748"]
[PlyCount "58"]
[EventDate "2016.01.06"]
[EventType "tourn"]
[EventRounds "5"]
[EventCountry "CAN"]

1. e4 e5 2. Nc3 Nc6 3. f4 exf4 4. Nf3 d6 5. d4 g5 6. g3 g4 7. Nh4 f3 8. Be3 Be7
9. Bf2 h5 10. Bb5 a6 11. Bxc6+ bxc6 12. Qd3 a5 13. Qc4 Kf8 14. O-O-O Bg5+ 15.
Kb1 Ne7 16. Rhe1 Ba6 17. Qa4 d5 18. Nf5 Nxf5 19. exf5 Bb7 20. Be3 Kg7 21. Bf2
Qf6 22. Re5 Rhb8 23. Qa3 Bc8 24. Re8 Qd6 25. Qc5 Qxc5 26. dxc5 Bxf5 27. Re5 Kg6
28. Rde1 Bf6 29. R5e3 d4 0-1

[Event "Mercredi 2016.01.05 ABCD"]
[Site "Montreal CAN"]
[Date "2016.01.27"]
[Round "4"]
[White "Have, Didier"]
[Black "Ouellet, Maili-Jade"]
[Result "0-1"]
[WhiteElo "2050"]
[BlackElo "2039"]
[PlyCount "100"]
[EventDate "2016.01.06"]
[EventType "tourn"]
[EventRounds "5"]
[EventCountry "CAN"]

1. e4 c5 2. Nc3 e6 3. f4 a6 4. Nf3 d6 5. g3 Nf6 6. a4 Be7 7. Bg2 O-O 8. O-O
Nbd7 9. b3 Rb8 10. a5 Qc7 11. d3 Rd8 12. Bb2 b6 13. axb6 Nxb6 14. f5 exf5 15.
Nh4 fxe4 16. Nxe4 Bg4 17. Qe1 Ne8 18. Rf4 Be6 19. Qe2 g5 20. Nf5 gxf4 21. Qg4+
Kf8 22. Qxf4 Nd5 23. Qh6+ Kg8 24. Nxe7+ Qxe7 25. c4 Rxb3 26. cxd5 Rxb2 27. dxe6
fxe6 28. Bh3 Nc7 29. Nf6+ Kh8 30. Nxh7 Qg7 31. Qh4 Qd4+ 32. Qxd4+ cxd4 33. Ng5
Rf8 34. Nxe6 Nxe6 35. Bxe6 Rff2 36. g4 Rg2+ 37. Kf1 Rxh2 38. Bd5 Rhd2 39. Be4
a5 40. Ke1 Rdc2 41. Kd1 Ra2 42. Rb1 Rcb2 43. Rc1 a4 44. Rc8+ Kg7 45. Rc7+ Kf6
46. Kc1 a3 47. g5+ Kxg5 48. Rg7+ Kf6 49. Rg6+ Ke7 50. Rg7+ Kf8 0-1

[Event "Mercredi 2016.01.05 ABCD"]
[Site "Montreal CAN"]
[Date "2016.01.27"]
[Round "4"]
[White "Lalonde, Paul"]
[Black "Jacquet, Stephane"]
[Result "0-1"]
[WhiteElo "1966"]
[BlackElo "1972"]
[PlyCount "98"]
[EventDate "2016.01.06"]
[EventType "tourn"]
[EventRounds "5"]
[EventCountry "CAN"]

1. e4 d6 2. d4 Nf6 3. f3 g6 4. Nc3 Bg7 5. Be3 c6 6. Qd2 Nbd7 7. Bh6 Bxh6 8.
Qxh6 b5 9. Bd3 Nb6 10. Nge2 Nc4 11. Bxc4 bxc4 12. O-O Qa5 13. Qe3 O-O 14. e5
Nd5 15. Nxd5 cxd5 16. Qc3 Qxc3 17. Nxc3 dxe5 18. Nxd5 exd4 19. Nxe7+ Kg7 20.
Nc6 c3 21. b3 Ba6 22. Rfe1 d3 23. cxd3 Bxd3 24. Re3 Rfc8 25. Ne7 Rd8 26. Nc6
Rd6 27. Nb4 Rad8 28. Rc1 a5 29. Nxd3 Rxd3 30. Rxd3 Rxd3 31. Kf2 Rd2+ 32. Kg3 c2
33. f4 Kf6 34. Kf3 h5 35. h3 h4 36. g4 hxg3 37. Kxg3 Kf5 38. Kf3 Rd3+ 39. Ke2
Rxh3 40. Kd2 Kxf4 41. Kxc2 f5 42. a3 g5 43. Rd1 Re3 44. Rd5 Re5 45. Rd8 g4 46.
b4 axb4 47. axb4 g3 48. Kd3 g2 49. Rg8 Re3+ 0-1

[Event "Mercredi 2016.01.05 ABCD"]
[Site "Montreal CAN"]
[Date "2016.01.27"]
[Round "4"]
[White "Langlois-Remillard, Alexis"]
[Black "Nardone, Raul"]
[Result "1-0"]
[WhiteElo "1800"]
[BlackElo "1806"]
[PlyCount "82"]
[EventDate "2016.01.06"]
[EventType "tourn"]
[EventRounds "5"]
[EventCountry "CAN"]

1. d4 Nf6 2. c4 e6 3. g3 d5 4. Bg2 Be7 5. Nf3 O-O 6. O-O c6 7. Nc3 Nbd7 8. Bf4
Re8 9. Rc1 Nf8 10. cxd5 exd5 11. a3 Ng6 12. Bg5 Bf5 13. b4 Ne4 14. Bxe7 Qxe7
15. e3 Bg4 16. h3 Bf5 17. Nxe4 Bxe4 18. Qb3 Bf5 19. b5 Bd7 20. h4 Reb8 21. h5
Nf8 22. Ne5 Be8 23. bxc6 bxc6 24. Qd3 Rb6 25. e4 f6 26. Ng4 Bxh5 27. Ne3 Bg6
28. Nf5 Qd8 29. exd5 Qd7 30. Bh3 Bxf5 31. Bxf5 Qxd5 32. Be4 Qd6 33. Rc5 Rd8 34.
Qc4+ Kh8 35. Rd1 Ne6 36. Rh5 h6 37. Qc1 Ng5 38. Bg6 Rb3 39. Qc4 Qd5 40. Qe2
Rbb8 41. f4 Nh7 1-0

[Event "Mercredi 2016.01.05 ABCD"]
[Site "Montreal CAN"]
[Date "2016.01.27"]
[Round "4"]
[White "Lebeau, Gilbert"]
[Black "Pomerantz, Daniel"]
[Result "1-0"]
[WhiteElo "2055"]
[BlackElo "2024"]
[PlyCount "79"]
[EventDate "2016.01.06"]
[EventType "tourn"]
[EventRounds "5"]
[EventCountry "CAN"]

1. d4 Nf6 2. Nf3 e6 3. Bf4 c5 4. e3 d5 5. c3 Nc6 6. Bd3 Be7 7. h3 O-O 8. Nbd2
b6 9. O-O Bb7 10. Re1 Qc8 11. Rc1 a5 12. Ne5 Nxe5 13. dxe5 Ne4 14. Bxe4 dxe4
15. Nc4 Qc6 16. Nd6 Bxd6 17. exd6 f5 18. c4 Rad8 19. Qh5 Qa4 20. Red1 Rd7 21.
a3 Ba6 22. Qe2 Qc6 23. Qc2 Bb7 24. h4 Re8 25. Be5 Qc8 26. g3 Bc6 27. b4 axb4
28. axb4 Ra7 29. Qb2 Qd7 30. b5 Bb7 31. Ra1 Rea8 32. Rxa7 Rxa7 33. Ra1 Bc8 34.
Ra3 h6 35. Qa1 Rxa3 36. Qxa3 Kh7 37. Qa8 Kg6 38. Qb8 Bb7 39. Qf8 Kh7 40. Bxg7
1-0

[Event "Mercredi 2016.01.05 ABCD"]
[Site "Montreal CAN"]
[Date "2016.01.27"]
[Round "4"]
[White "Millette, Sylvain"]
[Black "Brassard, Sylvain"]
[Result "1/2-1/2"]
[WhiteElo "1770"]
[BlackElo "1779"]
[PlyCount "97"]
[EventDate "2016.01.06"]
[EventType "tourn"]
[EventRounds "5"]
[EventCountry "CAN"]

1. e4 e6 2. Nf3 d5 3. e5 c5 4. Bb5+ Bd7 5. Bxd7+ Qxd7 6. O-O Nc6 7. d4 cxd4 8.
Nxd4 Nxe5 9. f4 Nc6 10. Re1 Bc5 11. Be3 Bxd4 12. Bxd4 Nxd4 13. Qxd4 Nf6 14. f5
O-O 15. fxe6 fxe6 16. c4 dxc4 17. Qxd7 Nxd7 18. Rxe6 Rae8 19. Rxe8 Rxe8 20. Na3
Nb6 21. Rc1 Re2 22. Rc2 Rxc2 23. Nxc2 Na4 24. b3 cxb3 25. axb3 Nc5 26. b4 Ne6
27. Kf2 Kf7 28. Ke3 Ke7 29. Ke4 Kd6 30. h4 a6 31. g4 b6 32. Na3 Nd8 33. h5 Nc6
34. b5 axb5 35. Nxb5+ Ke6 36. g5 g6 37. hxg6 hxg6 38. Nc3 Na7 39. Nd5 b5 40.
Nf4+ Kf7 41. Kd5 b4 42. Nd3 b3 43. Kc4 Ke6 44. Kxb3 Kf5 45. Kc4 Nc8 46. Kd5
Nb6+ 47. Kd4 Nd7 48. Ke3 Ne5 49. Nf4 1/2-1/2

[Event "Mercredi 2016.01.05 ABCD"]
[Site "Montreal CAN"]
[Date "2016.01.27"]
[Round "4"]
[White "Nunez, Omar"]
[Black "Gates, Claude-Eric"]
[Result "1-0"]
[WhiteElo "1924"]
[BlackElo "1813"]
[PlyCount "85"]
[EventDate "2016.01.06"]
[EventType "tourn"]
[EventRounds "5"]
[EventCountry "CAN"]

1. f4 e5 2. fxe5 d6 3. Nf3 dxe5 4. Nxe5 Bd6 5. Nf3 g5 6. d4 Nc6 7. Bxg5 Nge7 8.
Nc3 a6 9. a3 h6 10. Bh4 Qd7 11. Ne4 Ng8 12. Nxd6+ Qxd6 13. Qd3 Nge7 14. Bg3 Qf6
15. O-O-O Rg8 16. e4 Bg4 17. e5 Qg7 18. Bh4 O-O-O 19. Bf6 Qf8 20. c3 Rd5 21.
Qc2 Bf5 22. Bd3 Bxd3 23. Rxd3 Ng6 24. g3 Qe8 25. Re1 Nf8 26. c4 Rd8 27. Bxd8
Nxd8 28. d5 Ng6 29. Rde3 Qe7 30. Nd4 h5 31. Kb1 Kb8 32. c5 h4 33. d6 Qd7 34. e6
fxe6 35. dxc7+ Qxc7 36. Nxe6 Nxe6 37. Rxe6 Qf7 38. c6 hxg3 39. hxg3 Rg7 40.
cxb7 Kxb7 41. Qe4+ Ka7 42. Qd4+ Kb7 43. Qb6+ 1-0

[Event "Mercredi 2016.01.05 ABCD"]
[Site "Montreal CAN"]
[Date "2016.01.27"]
[Round "4"]
[White "Tremblay, Alain"]
[Black "Lopez Linares, Lizandro"]
[Result "1-0"]
[WhiteElo "2171"]
[BlackElo "2226"]
[PlyCount "75"]
[EventDate "2016.01.06"]
[EventType "tourn"]
[EventRounds "5"]
[EventCountry "CAN"]

1. d4 d5 2. c4 c6 3. Nf3 Nf6 4. Nc3 dxc4 5. a4 Bf5 6. e3 e6 7. Bxc4 Bb4 8. O-O
O-O 9. Qe2 Bg4 10. Rd1 Nbd7 11. e4 Bh5 12. e5 Nd5 13. Nxd5 cxd5 14. Bd3 a6 15.
Qe3 Be7 16. Bd2 Nb8 17. a5 Nc6 18. Bc3 Bg6 19. Ne1 Rc8 20. Qd2 Bh5 21. f3 f6
22. exf6 Bxf6 23. Nc2 Bg5 24. Qe2 Qd6 25. Re1 Rf6 26. Bd2 Bxd2 27. Qxd2 Rcf8
28. Re2 Be8 29. Rb1 Bd7 30. b4 Rh6 31. h3 Qg3 32. Kh1 Ne7 33. Rbe1 Rff6 34. Ne3
Rh4 35. Ng4 Rf8 36. Qg5 Rxh3+ 37. gxh3 Qxf3+ 38. Rg2 1-0

[Event "Mercredi 2016.01.05 ABCD"]
[Site "Montreal CAN"]
[Date "2016.01.27"]
[Round "4"]
[White "Zumsteg, Nicolas"]
[Black "Baran, Marius"]
[Result "1-0"]
[WhiteElo "1776"]
[BlackElo "1786"]
[PlyCount "55"]
[EventDate "2016.01.06"]
[EventType "tourn"]
[EventRounds "5"]
[EventCountry "CAN"]

1. e4 c5 2. Nf3 d6 3. d4 cxd4 4. Nxd4 Nf6 5. Nc3 g6 6. Be3 Bg7 7. f3 O-O 8. Qd2
Nc6 9. O-O-O Bd7 10. g4 Qa5 11. Kb1 Rfc8 12. g5 Nh5 13. Nb3 Qd8 14. Nd5 Be6 15.
Be2 Bh8 16. f4 Ng7 17. h4 Qf8 18. Rh2 Ne8 19. h5 f6 20. f5 Bxd5 21. Qxd5+ Qf7
22. Qxf7+ Kxf7 23. hxg6+ Kf8 24. Rxh7 Bg7 25. Rdh1 fxg5 26. Bxg5 a6 27. Bc4 b5
28. Be6 1-0

[Event "Mercredi 2016.01.05 ABCD"]
[Site "Montreal CAN"]
[Date "2016.02.03"]
[Round "5"]
[White "Barko, Maxim"]
[Black "Langlois-Remillard, Alexis"]
[Result "1-0"]
[WhiteElo "1816"]
[BlackElo "1800"]
[PlyCount "87"]
[EventDate "2016.01.06"]
[EventType "tourn"]
[EventRounds "5"]
[EventCountry "CAN"]

1. e4 e6 2. d4 d5 3. e5 c5 4. Qg4 cxd4 5. Nf3 Nc6 6. Bd3 f5 7. Qg3 Bb4+ 8. c3
dxc3 9. bxc3 Bf8 10. O-O Qc7 11. Re1 Nge7 12. h4 Bd7 13. Na3 a6 14. Rb1 Na5 15.
Bd2 Nc8 16. Nc2 Nb6 17. Ncd4 Nac4 18. Bf4 O-O-O 19. Nxf5 exf5 20. e6 Bd6 21.
exd7+ Rxd7 22. Bxd6 Nxd6 23. Nd4 Ne4 24. Qxc7+ Kxc7 25. Nxf5 Rf8 26. Nd4 Nc5
27. Bxh7 Rdf7 28. f3 Nbd7 29. Bg6 Rf6 30. h5 Kd8 31. Re3 Nb8 32. Rbe1 Nc6 33.
Nxc6+ Rxc6 34. Re7 Nd7 35. R1e3 Nf6 36. Rxg7 Rh8 37. g4 b5 38. Kg2 d4 39. Rd3
Rxc3 40. Rxd4+ Kc8 41. Bf5+ Kb8 42. Rd6 Rf8 43. h6 Rc7 44. Rxa6 1-0

[Event "Mercredi 2016.01.05 ABCD"]
[Site "Montreal CAN"]
[Date "2016.02.03"]
[Round "5"]
[White "Boudreau, Daniel"]
[Black "Lepine, Cedric"]
[Result "1/2-1/2"]
[WhiteElo "2135"]
[BlackElo "2078"]
[PlyCount "65"]
[EventDate "2016.01.06"]
[EventType "tourn"]
[EventRounds "5"]
[EventCountry "CAN"]

1. e4 Nf6 2. e5 Nd5 3. d4 d6 4. Nf3 dxe5 5. Nxe5 c6 6. Be2 Bf5 7. O-O Nd7 8.
Nf3 e6 9. c4 Nb4 10. a3 Nc2 11. Ra2 c5 12. dxc5 Nxc5 13. Nc3 Nb3 14. Bf4 a6 15.
g4 Qxd1 16. Bxd1 Bd3 17. Ne5 Bxf1 18. Bxc2 Nd4 19. Be4 Bh3 20. Bxb7 Rd8 21. Be3
Ne2+ 22. Kh1 Nxc3 23. Ra1 Bd6 24. Nc6 Rd7 25. Bxa6 Bxg4 26. Kg2 Ne2 27. c5 Bc7
28. f3 Bf5 29. Bxe2 Bd3 30. Bd1 O-O 31. b4 Ra8 32. Bb3 Bb5 33. Nd4 {...}
1/2-1/2

[Event "Mercredi 2016.01.05 ABCD"]
[Site "Montreal CAN"]
[Date "2016.02.03"]
[Round "5"]
[White "Brassard, Sylvain"]
[Black "Baran, Marius"]
[Result "1-0"]
[WhiteElo "1779"]
[BlackElo "1786"]
[PlyCount "63"]
[EventDate "2016.01.06"]
[EventType "tourn"]
[EventRounds "5"]
[EventCountry "CAN"]

1. d4 d5 2. c4 e6 3. Nc3 Nf6 4. Nf3 Be7 5. Bg5 c6 6. e3 Nbd7 7. Qc2 O-O 8. a3
dxc4 9. Bxc4 Nd5 10. Ne4 f5 11. Bxe7 Qxe7 12. Ned2 Kh8 13. O-O e5 14. dxe5 Nxe5
15. Nxe5 Qxe5 16. Nf3 Qd6 17. Rad1 Be6 18. Nd4 Rad8 19. e4 fxe4 20. Qxe4 Rde8
21. Nxe6 Rxe6 22. Qc2 Qe5 23. Qb3 Rh6 24. g3 Qh5 25. h4 Nf4 26. Qe3 Nh3+ 27.
Kh1 Rhf6 28. Rd2 Rf3 29. Be2 Nxf2+ 30. Kg2 Ng4 31. Qxf3 Qe8 32. Qxg4 1-0

[Event "Mercredi 2016.01.05 ABCD"]
[Site "Montreal CAN"]
[Date "2016.02.03"]
[Round "5"]
[White "Cloutier, Mathieu"]
[Black "Tremblay, Alain"]
[Result "0-1"]
[WhiteElo "2093"]
[BlackElo "2171"]
[PlyCount "64"]
[EventDate "2016.01.06"]
[EventType "tourn"]
[EventRounds "5"]
[EventCountry "CAN"]

1. e4 e6 2. d4 d5 3. Nc3 Bb4 4. Nge2 dxe4 5. a3 Bxc3+ 6. Nxc3 Nf6 7. Bg5 Nbd7
8. Nxe4 h6 9. Bh4 g5 10. Nxf6+ Qxf6 11. Bg3 c5 12. Bb5 cxd4 13. Qe2 O-O 14.
Bxd7 Bxd7 15. Be5 Qf5 16. g4 Qg6 17. h4 Bc6 18. f3 f6 19. Bxd4 e5 20. Be3 Rad8
21. h5 Qf7 22. O-O a6 23. Rfd1 Qe6 24. Bc5 Rfe8 25. Kf2 Rd5 26. Rxd5 Qxd5 27.
Bb6 e4 28. Rd1 Qe5 29. Qc4+ Kg7 30. f4 Qxf4+ 31. Ke1 Qxg4 32. Kd2 e3+ 0-1